<?xml version="1.0" encoding="UTF-8"?>
<record
    xmlns:xsi="http://www.w3.org/2001/XMLSchema-instance"
    xsi:schemaLocation="http://www.loc.gov/MARC21/slim http://www.loc.gov/standards/marcxml/schema/MARC21slim.xsd"
    xmlns="http://www.loc.gov/MARC21/slim">

  <leader>00914nam0a22002171i 4500</leader>
  <controlfield tag="001">rc\3923869</controlfield>
  <controlfield tag="005">20240724123006.0</controlfield>
  <datafield tag="035" ind1=" " ind2=" ">
    <subfield code="a">(NLR Aleph) 007900012</subfield>
  </datafield>
  <datafield tag="090" ind1=" " ind2=" ">
    <subfield code="a">8032112</subfield>
    <subfield code="c">8032112</subfield>
  </datafield>
  <datafield tag="100" ind1=" " ind2=" ">
    <subfield code="a">20130415d1951    |||y0rusy50      ca</subfield>
  </datafield>
  <datafield tag="101" ind1="0" ind2=" ">
    <subfield code="a">rus</subfield>
  </datafield>
  <datafield tag="102" ind1=" " ind2=" ">
    <subfield code="a">RU</subfield>
  </datafield>
  <datafield tag="105" ind1=" " ind2=" ">
    <subfield code="a">y   d   |||||</subfield>
  </datafield>
  <datafield tag="200" ind1="1" ind2=" ">
    <subfield code="a">&#x410;&#x431;&#x445;&#x430;&#x437;&#x44B; &#x41E;&#x447;&#x430;&#x43C;&#x447;&#x438;&#x440;&#x441;&#x43A;&#x43E;&#x433;&#x43E; &#x440;&#x430;&#x439;&#x43E;&#x43D;&#x430;</subfield>
    <subfield code="e">(&#x41E;&#x43F;&#x44B;&#x442; &#x44D;&#x442;&#x43D;&#x43E;&#x433;&#x440;&#x430;&#x444;&#x438;&#x447;&#x435;&#x441;&#x43A;&#x43E;&#x433;&#x43E; &#x438;&#x441;&#x441;&#x43B;&#x435;&#x434;&#x43E;&#x432;&#x430;&#x43D;&#x438;&#x44F; &#x43A;&#x443;&#x43B;&#x44C;&#x442;&#x443;&#x440;&#x44B; &#x438; &#x431;&#x44B;&#x442;&#x430; &#x43A;&#x43E;&#x43B;&#x445;&#x43E;&#x437;&#x43D;&#x438;&#x43A;&#x43E;&#x432;)</subfield>
    <subfield code="e">&#x410;&#x432;&#x442;&#x43E;&#x440;&#x435;&#x444;&#x435;&#x440;&#x430;&#x442; &#x434;&#x438;&#x441;. &#x43D;&#x430; &#x441;&#x43E;&#x438;&#x441;&#x43A;&#x430;&#x43D;&#x438;&#x435; &#x443;&#x447;&#x435;&#x43D;. &#x441;&#x442;&#x435;&#x43F;. &#x43A;&#x430;&#x43D;&#x434;. &#x438;&#x441;&#x442;. &#x43D;&#x430;&#x443;&#x43A;</subfield>
    <subfield code="f">&#x410;&#x43A;&#x430;&#x434;. &#x43D;&#x430;&#x443;&#x43A; &#x421;&#x421;&#x421;&#x420;. &#x418;&#x43D;-&#x442; &#x44D;&#x442;&#x43D;&#x43E;&#x433;&#x440;&#x430;&#x444;&#x438;&#x438; &#x438;&#x43C;. &#x41D;.&#x41D;. &#x41C;&#x438;&#x43A;&#x43B;&#x443;&#x445;&#x43E;-&#x41C;&#x430;&#x43A;&#x43B;&#x430;&#x44F;</subfield>
  </datafield>
  <datafield tag="210" ind1=" " ind2=" ">
    <subfield code="a">&#x41C;&#x43E;&#x441;&#x43A;&#x432;&#x430;</subfield>
    <subfield code="d">1951</subfield>
  </datafield>
  <datafield tag="215" ind1=" " ind2=" ">
    <subfield code="a">14 &#x441;.</subfield>
    <subfield code="d">20</subfield>
  </datafield>
  <datafield tag="700" ind1=" " ind2="1">
    <subfield code="a">&#x410;&#x43A;&#x430;&#x431;&#x430;</subfield>
    <subfield code="b">&#x41B;.&#x425;.</subfield>
    <subfield code="g">&#x41B;&#x438;&#x43B;&#x438; &#x425;&#x443;&#x440;&#x448;&#x438;&#x442;&#x43E;&#x432;&#x43D;&#x430;</subfield>
  </datafield>
  <datafield tag="801" ind1=" " ind2="0">
    <subfield code="a">RU</subfield>
    <subfield code="b">NLR</subfield>
    <subfield code="g">psbo</subfield>
  </datafield>
  <datafield tag="801" ind1=" " ind2="1">
    <subfield code="a">RU</subfield>
    <subfield code="b">ELAR</subfield>
    <subfield code="2">rusmarc</subfield>
  </datafield>
  <datafield tag="852" ind1=" " ind2=" ">
    <subfield code="a">NLR</subfield>
    <subfield code="j">&#x413;02 &#x413;-4/171</subfield>
  </datafield>
  <datafield tag="942" ind1=" " ind2=" ">
    <subfield code="c">BOOK</subfield>
  </datafield>
</record>
